ბათუმის შოთა რუსთაველის სახელმწიფო უნივერსიტეტის ბიბლიოთეკა

საქართველოს ბიბლიოთეკა : (ბიბ.ჩანაწერი № 58799)

000 -LEADER
fixed length control field 00744nam a22001577a 4500
005 - DATE AND TIME OF LATEST TRANSACTION
control field 20240320101210.0
008 - FIXED-LENGTH DATA ELEMENTS--GENERAL INFORMATION
fixed length control field 220912c2022 ge ||||| |||| 00| 0 geo d
022 ## - INTERNATIONAL STANDARD SERIAL NUMBER
International Standard Serial Number 15120880
041 ## - LANGUAGE CODE
Language code of text/sound track or separate title geo
245 ## - TITLE STATEMENT
Title საქართველოს ბიბლიოთეკა :
Remainder of title სამეცნიერო–პოპულარული და მეთოდური ჟურნალი. 2022 /
Statement of responsibility, etc. მთ.რედ. მაია მიქაბერიძე.
260 ## - PUBLICATION, DISTRIBUTION, ETC.
Place of publication, distribution, etc. თბილისი,
Date of publication, distribution, etc. 2022.
300 ## - PHYSICAL DESCRIPTION
Extent v.
653 ## - INDEX TERM--UNCONTROLLED
Uncontrolled term საქართველოს ბიბლიოთეკა
700 ## - ADDED ENTRY--PERSONAL NAME
Personal name მიქაბერიძე, მაია
Relator term მთავარი რედაქტორი
9 (RLIN) 4374
942 ## - ADDED ENTRY ELEMENTS (KOHA)
Source of classification or shelving scheme
Koha item type პერიოდიკა
ეგზემპლარები
Withdrawn status Lost status Source of classification or shelving scheme Damaged status Not for loan Permanent Location Current Location Shelving location Date acquired Serial Enumeration / chronology Barcode Date last seen Copy number Price effective from Koha item type
          ბათუმის შოთა რუსთაველის სახელმწიფო უნივერსიტეტის მთავარი ბიბლიოთეკა ბათუმის შოთა რუსთაველის სახელმწიფო უნივერსიტეტის მთავარი ბიბლიოთეკა წიგნსაცავი 2022-09-12 # 1 (86) 2022 80925 p 2022-09-12 80925 2022-09-12 პერიოდიკა
          ბათუმის შოთა რუსთაველის სახელმწიფო უნივერსიტეტის მთავარი ბიბლიოთეკა ბათუმის შოთა რუსთაველის სახელმწიფო უნივერსიტეტის მთავარი ბიბლიოთეკა წიგნსაცავი 2022-09-12 #2 (87) 2022 80926 p 2022-09-12 80926 2022-09-12 პერიოდიკა